000 00414 a2200157 4500
003 OSt
005 20240110133738.0
008 240110b |||||||| |||| 00| 0 eng d
040 _coclc
082 _a297
_bUSM/A
100 _aUsman, M
_910253
245 _aAllahu /
_cDr. M Usman
260 _aKerala:
_bNiche of Truth,
_c2020.
300 _a36p
942 _2ddc
_cBK
_h297
_iUSM/A
_k297
_mUSM/A
999 _c43077
_d43077